000 01158cam a2200361 a 4500
001 4702
003 FISKH
005 20240923104330.0
008 010214s2008 nyua a 000 1 eng
010 _a 2001024016
020 _a0060287233
020 _a0060287241 (lib. bdg.)
020 _a9780064442763
040 _aDLC
_cDLC
_dDLC
_beng
050 _aPZ7.G766775
082 _a428.1
100 1 _aGrant, Judyann.
245 1 0 _aChicken said, "Cluck!" /
_cby Judyann Ackerman Grant ; pictures by Sue Truesdell.
260 _aNew York :
_bHarperCollins,
_c2008.
300 _a32 pages :
_bcolor illustrations ;
_c23 cm
490 0 _aI can read! My first shared reading
505 _aE
520 _aEarl and Pearl do not want Chicken's help in the garden, until a swarm of grasshoppers arrives and her true talent shines.
521 _a280
_bLexile
521 _aE
_bRaz-Plus
650 1 _aChickens
_vFiction.
650 1 _aGardening
_vFiction.
650 1 _aGrasshoppers
_vFiction.
700 1 _aTruesdell, Sue,
_eillustrator
906 _a7
_bcbc
_corignew
_d1
_eocip
_f20
_gy-gencatlg
942 _2ddc
_cBK
_n0
999 _c4702
_d4702